North America Capital to Country - Statistics

General Stats
  • This quiz has been taken 92 times
  • The average score is 19 of 23
Answer Stats
Capital Country % Correct
Mexico City Mexico
100%
Washington D.C. United States
100%
Ottawa Canada
98%
Havana Cuba
97%
San Salvador El Salvador
95%
Guatemala City Guatemala
95%
Kingston Jamaica
94%
Panama City Panama
94%
Santo Domingo Dominican Republic
91%
Nassau Bahamas
88%
San Jose Costa Rica
88%
Port-au-Prince Haiti
84%
Managua Nicaragua
81%
Tegucigalpa Honduras
80%
Port-of-Spain Trinidad & Tobago
80%
Saint John's Antigua & Barbuda
75%
Belmopan Belize
75%
Bridgetown Barbados
73%
Roseau Dominica
73%
Saint George's Grenada
73%
Castries St. Lucia
72%
Basseterre St. Kitts & Nevis
70%
Kingstown St. Vincent & the Grenadines
69%
No matching quizzes found
Score Distribution
Percent of People with Each Score
Percentile by Number Answered
Your Score History
You have not taken this quiz